000 00374 a2200157 4500
001 151194
040 _cEscola São Tomás de Aquino
100 _aBARBOSA, Andre Andrade
240 1 0 _aO anel de Tutancâmon
_lpor
245 1 0 _aO anel de Tutancâmon
300 _a94
362 0 _a2006
440 1 _aMelhoramentos
697 _a*LITERATURA INFANTO JUVENIL
942 _cBK
999 _c151194
_d151194